| Record ID | ia:singulartextsplu00edel |
| Source | Internet Archive |
| Download MARC XML | https://archive.org/download/singulartextsplu00edel/singulartextsplu00edel_marc.xml |
| Download MARC binary | https://www.archive.org/download/singulartextsplu00edel/singulartextsplu00edel_meta.mrc |
LEADER: 00736pam 2200217 a 4500
001 89019712
003 DLC
005 19900404130633.1
008 890706s1990 ilua b s00110 eng
010 $a 89019712
020 $a0809314479 (alk. paper)
040 $aDLC$cDLC$dDLC
050 00 $aPN145$b.E34 1990
082 00 $a808/.02$220
100 10 $aEde, Lisa S.,$d1947-
245 10 $aSingular texts/plural authors :$bperspectives on collaborative writing /$cLisa Ede, Andrea Lunsford.
260 0 $aCarbondale :$bSouthern Illinois University Press,$cc1990.
300 $axii, 285 p. :$bill. ;$c25 cm.
504 $aIncludes bibliographical references (p. 259-278).
650 0 $aAuthorship$xCollaboration.
700 10 $aLunsford, Andrea A.,$d1942-